000 00624nam a22002657a 4500
003 UA-OsUOA
001 27410
007 ta
008 20040625b un ||||| |||| 00| 0 ukr d
100 _aВітренко В.В.
090 _a82.09
_bВ54
942 _cBK
040 _aUA-OsUOA
_bukr
_cUA-OsUOA
_dUA-OsUOA
245 _aЛітература волинських німців
300 _a260 с.
955 _a0
041 _aukr
080 _a82.09
020 _a966-690-046-7
260 _aЖитомир
_bВолинь
_c2003
246 3 1 _aКн.1
_n
044 _aUA
650 7 _2UDC
999 _c313754
_d313754